01428nam a2200301 i 4500001001000000003000900010005001700019007000300036008004100039020001800080040003000098082003100128100004600159245011400205250002200319264003400341300004500375336002700420337003300447338002800480490006400508590002800572942001400600952017100614952015900785952016500944999001701109000048219DO-SdBNP20250313113202.0ta181206s2015 dr a r 001 0 spa d a9789945462791 aDO-SdBNPbspacBNPHUerda 4a923.57293bF363c, 20152221 aFernández, Arlette,975659eautor4aut.10aCoronel Rafael Fernández Domínguez :bsoldado del pueblo y militar de la libertad /cArlette Fernández. asegunda edición 4aSanto Domingo :bCPEP,c2015. a682 páginas :bilustraciones ;c24 cm. atextobtxt2rdacontent asin mediaciónbn2rdamedia avolumenbnc2rdacarrier1 a50 Aniversario de la Gesta Patriótica de Abril de 1965a1 aInventariado, 2019 / DG 2ddccLBS1 00102ddc56708DSaBNPHUbBNPHUcHDd2018-12-06eDeposito legall0oBNPHU DS 923.57293 F363c, 2015p48219-30r2020-06-25te. 3w2020-06-25yLBS1ZPréstamo en sala 00102ddc51708PDaBNPHUbBNPHUcHDd2018-12-06eDeposito legall0oBNPHU PD 923.57293 F363c, 2015p48219-10r2020-06-25w2020-06-25yLBS1ZNo se presta 00102ddc51708PDaBNPHUbBNPHUcHDd2018-12-06eDeposito legall0oBNPHU PD 923.57293 F363c, 2015p48219-20r2020-06-25te. 2w2020-06-25yLBS1ZNo se presta c47707d47707